Egyptian Museum collections around the world /

Saved in:

Corporate Authors: Matḥaf al-Miṣrī., Centennial of the Egyptian Museum (2002 : Cairo, Egypt)

Other Authors: Hawass, Zahi A., Eldamaty, Mamdouh Mohamed., Trad, Mai.

Format: Conference Proceeding Book

Language: English
French
German
Arabic

Published: Cairo : Supreme Council of Antiquities, distributed by the American University in Cairo Press, c2002.

Subjects:

Tags: Add Tag

No Tags, Be the first to tag this record!

Call Number: DT59 .C24 M87 v.1-2

LEADER 01556namaa2200397 4500
001 11613
003 OSt
005 20260510142019.0
008 190919s2002 ua a b 100 0 eng d
020 |a 9774247779 
035 |a 2443490 
035 |a ocolc 52266156 
040 |c ARCE Library 
041 0 |a eng  |a fre  |a ger  |a ara 
043 |a f-ua--- 
049 |a UUMM 
050 4 |a DT59 .C24 M87 v.1-2 
245 0 0 |a Egyptian Museum collections around the world /  |c foreword by Zahi Hawass ; edited by Mamdouh Eldamaty and Mai Trad. 
246 1 4 |a Muqtanayāt athār miṣrīyah fī matāḥif hawlá al-ʻālam :  |b dirāsāt bī-munāsabat al-iḥtifāl bī al-dhikrah al-miʼawiyyah lil-matḥaf al-miṣrī bi-al-qāhirah 
264 1 |a Cairo :  |b Supreme Council of Antiquities, distributed by the American University in Cairo Press,   |c c2002. 
300 |a 2 volumes :   |b illustrations ;   |c 30 cm. 
500 |a "Studies for the Centennial of the Egyptian Museum, Cairo." 
500 |a Conference held Dec. 9-11, 2002. 
504 |a Includes bibliographical references. 
546 |a English and Arabic. 
610 2 0 |a Matḥaf al-Miṣrī   |x Anniversaries, etc.   |v Congresses. 
650 0 |a Art, Egyptian   |v Congresses. 
651 0 |a Egypt   |x Antiquities   |v Congresses.  |2   
700 1 |a Hawass, Zahi A. 
700 1 |a Eldamaty, Mamdouh Mohamed.  |9 29501 
700 1 |a Trad, Mai.  |9 41239 
710 2 |a Matḥaf al-Miṣrī. 
711 2 |a Centennial of the Egyptian Museum (2002 : Cairo, Egypt) 
901 |a reviewed 
942 |c BK  |2 lcc 
999 |c 19996  |d 19996